| 000 | 00358nam a2200133Ia 4500 | ||
|---|---|---|---|
| 008 | 240624s9999 xx 000 0 und d | ||
| 041 | _aeng | ||
| 082 | _a005.36 BUC | ||
| 100 | _aBUCKI LISA A | ||
| 245 | _aMICROSOFT OFFICE 2013 BIBLE THE COMPREHE | ||
| 260 |
_c2013 _aNew Delhi _bWiley India |
||
| 300 | _axxviii, : 1479 : p. : cm. ; 23 | ||
| 365 |
_cRS _b27.5 |
||
| 999 |
_c27750 _d27750 |
||